Strategic planning for new & emerging businesses : (Record no. 18528)

000 -LEADER
fixed length control field 00739cam a2200241 a 4500
020 ## - INTERNATIONAL STANDARD BOOK NUMBER
ISBN 1574101145
040 ## - CATALOGING SOURCE
Transcribing agency DLC
082 00 - DEWEY DECIMAL CLASSIFICATION NUMBER
Classification number 658 DBT 1999 C147 Or.
100 r# - MAIN ENTRY--AUTHOR NAME
Personal name Fry, Fred L.
245 10 - TITLE STATEMENT
Title Strategic planning for new & emerging businesses :
Remainder of title a consulting approach /
250 ## - EDITION STATEMENT
Edition statement 2nd ed.
260 ## - PUBLICATION, DISTRIBUTION, ETC. (IMPRINT)
Place of publication Chicago, Ill. :
Name of publisher Dearborn Trade,
Year of publication c1999.
300 ## - PHYSICAL DESCRIPTION
Number of Pages xi, 242 p. :
Other physical details ill. ;
Dimensions 24 cm.
500 ## - GENERAL NOTE
General note Rev. ed. of: Strategic planning for the new and small business. c1995.
650 #0 - SUBJECT ADDED ENTRY--TOPICAL TERM
Topical Term Small business
650 #0 - SUBJECT ADDED ENTRY--TOPICAL TERM
Topical Term New business enterprises
650 #0 - SUBJECT ADDED ENTRY--TOPICAL TERM
Topical Term Small business
650 #0 - SUBJECT ADDED ENTRY--TOPICAL TERM
Topical Term Strategic planning.
700 1# - ADDED ENTRY--PERSONAL NAME
Personal name Stoner, Charles R.
700 1# - ADDED ENTRY--PERSONAL NAME
Personal name Weinzimmer, Laurence G.
700 1# - ADDED ENTRY--PERSONAL NAME
Personal name Fry, Fred L.
942 ## - ADDED ENTRY ELEMENTS (KOHA)
Koha item type ADB
952 ## - LOCATION AND ITEM INFORMATION (KOHA)
Withdrawn status [LOCAL, KOHA] 0
Holdings
Source of acquisition Permanent Location Date acquired Koha item type Lost status Shelving location Current Location Full call number
A37943Library Block C2019-12-17សៀវភៅភាសាអង់គ្លេស C147Library Block C658 DBT 1999 C147 Or.
មជ្ឈមណ្ឌលឯការនៃសាកលវិទ្យាល័យភូមិន្ទកសិកម្មចំការដូង

Powered by Koha